000 00658cam a22001934a 4500
005 20250605164226.0
008 250528s ||||||||||||||||||||||||d
035 _a20862
020 _a9789602192634
040 _aGR-AtMCL
_bgre
_dGR-AtMCL
_eAACR2
245 1 _aΜε τα μάτια του άλλου / Λογοτεχνία για Νέους
260 _bΚαλέντης,
_c2013
300 _a112
520 _aΜία ιστορία για τις έννοιες της ισότητας, αμοιβαιότητας και της αλληλεγύης.
700 1 _aΚαπριόλο Πάολα
_96838
942 _cBK
999 _c5943
_d5943